Hound at the hospital / (Record no. 3782)
[ view plain ]
| 000 -LEADER | |
|---|---|
| fixed length control field | 00752nam a22002417a 4500 |
| 001 - CONTROL NUMBER | |
| control field | 3782 |
| 003 - CONTROL NUMBER IDENTIFIER | |
| control field | FISKH |
| 005 - DATE AND TIME OF LATEST TRANSACTION | |
| control field | 20240507133753.0 |
| 008 - FIXED-LENGTH DATA ELEMENTS--GENERAL INFORMATION | |
| fixed length control field | 240507b cb ||||| |||| 00| 0 eng d |
| 040 ## - CATALOGING SOURCE | |
| Original cataloging agency | FISK |
| Language of cataloging | FISK |
| Transcribing agency | eng |
| Modifying agency | FISK |
| 050 ## - LIBRARY OF CONGRESS CALL NUMBER | |
| Classification number | PZ7.B14032 |
| 082 ## - DEWEY DECIMAL CLASSIFICATION NUMBER | |
| Classification number | 543 |
| 100 ## - MAIN ENTRY--PERSONAL NAME | |
| Personal name | M. Baglio Ben |
| Dates associated with a name | 1960- |
| 245 ## - TITLE STATEMENT | |
| Title | Hound at the hospital / |
| Statement of responsibility, etc. | Ben M. Baglio |
| 260 ## - PUBLICATION, DISTRIBUTION, ETC. | |
| Place of publication, distribution, etc. | New York : |
| Name of publisher, distributor, etc. | Scholastic, |
| Date of publication, distribution, etc. | 1998 |
| 300 ## - PHYSICAL DESCRIPTION | |
| Extent | 133 pages : |
| Other physical details | illustrations, |
| Dimensions | 20 cm |
| 505 ## - FORMATTED CONTENTS NOTE | |
| Formatted contents note | M |
| 520 ## - SUMMARY, ETC. | |
| Summary, etc. | When Mandy and James observe SPCA inspector Danny Davies and his beagle, Sasha, on patrol, things taken an unexpected turn when Sasha is injured. |
| 521 8# - TARGET AUDIENCE NOTE | |
| Target audience note | 640 |
| Source | Lexiles, |
| 700 ## - ADDED ENTRY--PERSONAL NAME | |
| Personal name | Ben M. Baglio |
| 942 ## - ADDED ENTRY ELEMENTS (KOHA) | |
| Source of classification or shelving scheme | Dewey Decimal Classification |
| Koha item type | Books |
| Suppress in OPAC | No |
| Withdrawn status | Lost status | Source of classification or shelving scheme | Damaged status | Not for loan | Collection | Home library | Current library | Shelving location | Date acquired | Total Checkouts | Full call number | Barcode | Date last seen | Copy number | Price effective from | Koha item type |
|---|---|---|---|---|---|---|---|---|---|---|---|---|---|---|---|---|
| Dewey Decimal Classification | Damaged | Fiction | Footprints International School Library Network Toul Kork Campus | Footprints International School Library Network Toul Kork Campus | 05/07/2024 | BAG PZ7.B14032 543 | 2024-0580 | 05/07/2024 | 1 | 05/07/2024 | Books |
